000 02732nam a2200457 c 4500
003 BLK
005 20240308131253.0
008 180408b bul|||||r ||||||| ||bul||
010 _aKNG00093838000
020 _a954-07-2065-6
_bиздат.: Унив. изд. Св. Климент Охридски - на том(т. 1)
040 _aBLK
041 _aBUL
_cBUL
080 _aТрудово право. Вж и 331
_b349.2
_x(082)
_z349.2(082)
080 _aОсигурително и застрахователно право
_b349.3:368
_x(082)
_z349.3:368(082)
080 _aПраво
_b34
_x(497.2)(092)
_z34(497.2)(092)
080 _a
_b929 Христова, Елисавета Кирилова
_x
_z929 Христова, Елисавета Кирилова
700 1 _aСредкова, Красимира
_eсъстав. и ред.
_9370392
700 1 _aСредкова, Красимира
_eсъстав. и ред. на том
_9370392
139 _aАктуални проблеми на трудовото и осигурителното право
_bА 45
245 1 0 _aАктуални проблеми на трудовото и осигурителното право
_bТ. 1 -
_cсъстав. и ред. Красимира Средкова; състав. и ред. на том Красимира Средкова.
_nТ. 1
_pВ памет на доц. Елисавета Христова
257 _aBGR
260 София
_c2004 -
300 _c24 см
380 _a3
500 _aДруги ред. : В. Ангушева, Н. Гевренова ; Пълното име на първата ред. е Красимира Средкова Иванова.
600 1 4 _aХристова, Елисавета Кирилова
_9303484
650 7 _aТрудово право
_2
_9174144
650 4 _aОсигурително право
_9264693
650 4 _aПрависти, български
_9275976
653 _aтрудово право
653 _aосигурително право
653 _aбългарски прависти
653 _aЕлисавета Христова
760 1 _3- на том(т. 1)
_dУнив. изд. Св. Климент Охридски, 2004
_h264 с.
_nСъдържа и Библиогр. на трудовете на доц. Елисавета Христова ; Биогр. сведения за Ел. Христова ; Рез. на англ., рус. ез.
_tТ. 1 В памет на доц. Елисавета Христова
852 _aЦб 246779
856 4 _qpdf
_u
856 4 _qpdf
_u
942 _cKNG
_n0
_06
944 _aCR
_c25.01.2010
_lГеновева Генчева
_k30560
944 _aED
_c03.02.2010
_lф /
_k
999 _c89144
_d89144